书目信息 |
| 题名: |
汽车专业英语
|
|
| 作者: | 张金花 , 刘宗正 , 刘力 主编 | |
| 分册: | ||
| 出版信息: | 武汉 华中科技大学出版社 2016.07 |
|
| 页数: | 133页 | |
| 开本: | 26cm | |
| 丛书名: | ||
| 单 册: | ||
| 中图分类: | U46 , H31 | |
| 科图分类: | ||
| 主题词: | 汽车工程--英语--高等职业教育--教材 , 英语 | |
| 电子资源: | ||
| ISBN: | 978-7-5680-2000-8 | |
| 000 | 01165nam0 2200277 450 | |
| 001 | 1427 | |
| 005 | 20180928102005.15 | |
| 010 | @a978-7-5680-2000-8@dCNY32.00 | |
| 100 | @a20161019d2016 em y0chiy50 ea | |
| 101 | 0 | @achi@aeng |
| 102 | @aCN@b420000 | |
| 105 | @aa z 000yy | |
| 200 | 1 | @a汽车专业英语@9qi che zhuan ye ying yu@f张金花,刘宗正,刘力主编 |
| 210 | @a武汉@c华中科技大学出版社@d2016.07 | |
| 215 | @a133页@c图@d26cm | |
| 300 | @a高等职业教育汽车类专业“双证课程”培养方案教材 国家示范性高等职业教育汽车类“十三五”规划教材 | |
| 330 | @a本教材在内容设置方面与汽车专业的主要课程内容保持一致,内容编排分项目、分任务进行。针对目前高职教育改革的发展方向和各地高职高专学院的办学特点,以汽车构造内容为基础,以汽车的维护、修理为主要的学习内容,以训练和提高学生的专业英语表达和翻译能力为目标,注重实用性,培养和锻炼学生的自主学习能力,激发学生的学习兴趣。 | |
| 606 | 0 | @a汽车工程@x英语@x高等职业教育@j教材 |
| 606 | 0 | @a英语 |
| 690 | @aU46@v5 | |
| 690 | @aH31@v4 | |
| 701 | 0 | @a张金花@9zhang jin hua@4主编 |
| 701 | 0 | @a刘宗正@9liu zong zheng@4主编 |
| 701 | 0 | @a刘力@9liu li@4主编 |
| 801 | 0 | @aCN@b91MARC@c20161019 |
| 905 | @aMuseLib@dH31@e1694 | |
| 汽车专业英语/张金花,刘宗正,刘力主编.-武汉:华中科技大学出版社,2016.07 |
| 133页:图;26cm |
| 高等职业教育汽车类专业“双证课程”培养方案教材 国家示范性高等职业教育汽车类“十三五”规划教材 |
| ISBN 978-7-5680-2000-8:CNY32.00 |
| 本教材在内容设置方面与汽车专业的主要课程内容保持一致,内容编排分项目、分任务进行。针对目前高职教育改革的发展方向和各地高职高专学院的办学特点,以汽车构造内容为基础,以汽车的维护、修理为主要的学习内容,以训练和提高学生的专业英语表达和翻译能力为目标,注重实用性,培养和锻炼学生的自主学习能力,激发学生的学习兴趣。 |
| ● |
| 相关链接 |
|
|
|
|
正题名:汽车专业英语
索取号:H31/1694
 
预约/预借
| 序号 | 登录号 | 条形码 | 馆藏地/架位号 | 状态 | 备注 |
| 1 | 1122622 | 211226225 | 第二样本阅览室/ [索取号:H31/1694] | 在馆 | |
| 2 | 1122623 | 211226234 | 第四借阅区/ [索取号:H31/1694] | 在馆 | |
| 3 | 1122624 | 211226243 | 第四借阅区/ [索取号:H31/1694] | 在馆 | |
| 4 | 1122625 | 211226252 | 密集书库-物理学院/ [索取号:H31/1694] | 在馆 |